Quiz despre Moldova - Statistics

General Stats
  • This quiz has been taken 12 times
  • The average score is 9 of 14
Answer Stats
Aluzie Răspuns % Correct
Capitala Chișinău
100%
Țări vecine România
100%
Țări vecine Ucraina
100%
Moneda Moldovei Leu
82%
Moldova, țară fără ieșire la mare, se află la aproximativ 50 km distanță de această mare Marea {Neagră}
73%
Un râu care curge de-a lungul și în apropierea graniței de est Nistru
73%
Limba oficială Română
73%
„Capitala” acelei republici separatiste, din punct de vedere tehnic al doilea oraș ca mărime din Moldova Tiraspol
73%
O republică separată, situată pe o fâșie îngustă de pământ la est de acest râu Transnistria
73%
Moldova produce ____ de mii de ani. Astăzi este al8-lea producător pe cap de locuitor din lume Vin
55%
O regiune istorică care acoperă cea mai mare parte a teritoriului Moldovei Basarabia
45%
Țara de la care Moldova și-a câștigat independența în 1991 Uniunea Sovietică
18%
Moldova este cea mai _____ țară din Europa Cel mai sărac
0%
93% dintre cetățeni aparțin acestei ramuri a creștinismului Ortodoxă răsăriteană
0%
No matching quizzes found
Score Distribution
Percent of People with Each Score
Percentile by Number Answered
Your Score History
You have not taken this quiz